000 00408nam a22001097a 4500
082 _a001
100 _aचौधरी,पवन
_982370
245 _aMPPSC प्रश्‍नलोक 4000 प्रश्‍नों का समागम
260 _aइन्‍दौर
_bशिवम एजुकेशन
_c2024
650 _aसामान्‍य ज्ञान
_9328
942 _cC. BOOKS
999 _c66848
_d66848